<?xml version="1.0" encoding="UTF-8"?><?xml-stylesheet type="text/xsl" href="static/style.xsl"?><OAI-PMH xmlns="http://www.openarchives.org/OAI/2.0/" xmlns:xsi="http://www.w3.org/2001/XMLSchema-instance" xsi:schemaLocation="http://www.openarchives.org/OAI/2.0/ http://www.openarchives.org/OAI/2.0/OAI-PMH.xsd"><responseDate>2026-04-13T02:13:19Z</responseDate><request verb="GetRecord" identifier="oai:www.recercat.cat:2072/229486" metadataPrefix="marc">https://recercat.cat/oai/request</request><GetRecord><record><header><identifier>oai:recercat.cat:2072/229486</identifier><datestamp>2024-12-13T10:44:58Z</datestamp><setSpec>com_2072_96871</setSpec><setSpec>com_2072_96852</setSpec><setSpec>com_2072_2015</setSpec><setSpec>col_2072_228899</setSpec></header><metadata><record xmlns="http://www.loc.gov/MARC21/slim" xmlns:dcterms="http://purl.org/dc/terms/" xmlns:xsi="http://www.w3.org/2001/XMLSchema-instance" xmlns:doc="http://www.lyncode.com/xoai" xsi:schemaLocation="http://www.loc.gov/MARC21/slim http://www.loc.gov/standards/marcxml/schema/MARC21slim.xsd">
   <leader>00925njm 22002777a 4500</leader>
   <datafield ind2=" " ind1=" " tag="042">
      <subfield code="a">dc</subfield>
   </datafield>
   <datafield ind2=" " ind1=" " tag="720">
      <subfield code="a">Fernández Ardèvol, Mireia</subfield>
      <subfield code="e">author</subfield>
   </datafield>
   <datafield ind2=" " ind1=" " tag="520">
      <subfield code="a">This paper describes preliminary results of a qualitative case study on mobile communication conducted in an elders¿ retirement home in Toronto (Ontario, Canada) in May 2012. This is part of an international research project on the relationship between mobile communications and older people.
Secondary data at a Canadian level contextualizes the case study. We focus on
demographic characteristics and on adoption and use of information and communication technologies (ICTs) broken by age.
Participants in the study (21 individuals) are between 75 and 98 years of age, therefore
we can consider that the gathered evidence refers to the ¿old¿ older. Mobile phone
users in the sample describe very specific uses of the mobile phone, while non-users
report not facing external pressures for adopting that technology. The main channel for
mediated communication is the landline; in consequences mobile phones ¿when used¿ constitute an extra layer of communication. Finally, when members of the personal network of the individuals live abroad they are more prone to use Internet and Skype. We are also able to find ex-users of both mobile telephony and computers/internet who stopped using these technologies because they did not find any use for them.</subfield>
   </datafield>
   <datafield ind1="8" ind2=" " tag="024">
      <subfield code="a">2013-8644</subfield>
   </datafield>
   <datafield ind1="8" ind2=" " tag="024">
      <subfield code="a">Fernández-Ardèvol, M. (2013).Exploring the use of mobile communications in a retirement home in Toronto: Preliminary results. ISBN:2013-8644.</subfield>
   </datafield>
   <datafield ind1="8" ind2=" " tag="024">
      <subfield code="a">http://hdl.handle.net/10609/22001</subfield>
   </datafield>
   <datafield tag="653" ind2=" " ind1=" ">
      <subfield code="a">Older population</subfield>
   </datafield>
   <datafield tag="653" ind2=" " ind1=" ">
      <subfield code="a">mobile telephony</subfield>
   </datafield>
   <datafield tag="653" ind2=" " ind1=" ">
      <subfield code="a">case study</subfield>
   </datafield>
   <datafield tag="653" ind2=" " ind1=" ">
      <subfield code="a">Toronto(Canada)</subfield>
   </datafield>
   <datafield tag="653" ind2=" " ind1=" ">
      <subfield code="a">retirement home</subfield>
   </datafield>
   <datafield ind2="0" ind1="0" tag="245">
      <subfield code="a">Exploring the use of mobile communications in a retirement home in Toronto: preliminary results</subfield>
   </datafield>
</record></metadata></record></GetRecord></OAI-PMH>